00421nam a2200145 a 4500008004100000020001500041050001500056100001600071245005100087260003800138300001700176350000900193650004100202650003200243120416s1989 ||||||||||||||||| || u a0748717013 aTA 330 Gre aGreer, Alex10aBTEC National NIII Mathematics for Technicians aCheltenhambStanley Thornesc1989 a384p. : ill. a0.00 0aMATHEMATICS--HANDBOOKS, MANUALS, ETC aMATHEMATICS FOR TECHNICIANS